00380nam a2200121Ia 4500008004100000245011800041260001800159260000900177300000800186500001300194650001300207856003800220170516s9999 xx 000 0 und d aPreparation of Microcapsules Containing β-Carotene with Thermo Sensitive Curdlan by Utilizing Reverse Dispersion bPharmaceutics c2013 a5:4 aDecember xPharmacy uhttp://www.mdpi.com/1999-4923/5/4